|
|
|
|
| LEADER |
00000cam a2200000 a 4500 |
| 001 |
vtls008315798 |
| 003 |
SK-MaSNL |
| 005 |
20260301164542.0 |
| 008 |
230501s1972 xo gr 000 e slo |
| 015 |
|
|
|a SNBA1972/03-00780
|
| 020 |
|
|
|q (viazané)
|
| 035 |
|
|
|a SK01SNK19720008015
|
| 035 |
|
|
|a 2EAB1DC8-5B06-40AC-8D1A-FC7B08F3CCA0
|
| 035 |
|
|
|a urn:nbn:sk:snk-am00id5f
|
| 035 |
|
|
|a SKM000010478
|
| 040 |
|
|
|a SNK
|b slo
|c SNK
|e AACR2
|
| 041 |
0 |
|
|a slo
|
| 044 |
|
|
|a xo
|c SK
|
| 072 |
|
7 |
|a 821.162.4-3
|x Slovenská próza
|2 konspekt
|
| 080 |
|
|
|a 94(437.6)"1848/1849"
|2 2011
|
| 080 |
|
|
|a 821.162.4-4
|2 2011
|
| 100 |
1 |
|
|a Mináč, Vladimír,
|d 1922-1996
|4 aut
|9 103107
|
| 245 |
1 |
0 |
|a Dúchanie do pahrieb
|c Vladimír Mináč
|
| 250 |
|
|
|a 1. vyd.
|
| 260 |
|
|
|a Bratislava
|b Tatran
|c 1972
|
| 300 |
|
|
|a 154 strán
|c 21 cm
|
| 366 |
|
|
|e 22000 kusov
|
| 490 |
1 |
|
|a Hviezdoslavova knižnica
|
| 500 |
|
|
|a Ilustrovaná titulná kresba
|
| 650 |
0 |
7 |
|a Slovenské povstanie (1848-1849)
|2 SNKPH
|9 178260
|
| 655 |
|
7 |
|a slovenské eseje
|2 SNKPH
|9 70621
|
| 830 |
|
0 |
|a Hviezdoslavova knižnica
|9 277055
|
| 852 |
|
|
|a Slovenská národná knižnica
|
| 954 |
|
|
|a beletria pôvodná (slovenská)
|2 lita
|
| 958 |
|
|
|a RK
|
| 958 |
|
|
|a TL
|
| 958 |
|
|
|a LX
|
| 958 |
|
|
|a OND
|
| 958 |
|
|
|a EUIPO
|
| 999 |
|
|
|c 821024
|d 822954
|
| 952 |
|
|
|a SNK
|b SNK
|y VYP
|7 0
|p 17A0514587
|o snkSC 28986 D1
|i snk2006/13046
|8 3
|g 3.32
|0 0
|1 0
|4 0
|d 2006-06-28
|l 0
|r 2026-02-24 03:06:03
|w 2026-02-24
|
| 952 |
|
|
|a SNK
|b SNK
|y PREZ
|7 0
|p 17A0939605
|o snkSC 28986
|i snkKSP 2823/72
|0 0
|1 0
|4 0
|d 2012-09-24
|f 1
|l 0
|r 2025-09-18 00:00:00
|w 2026-02-24
|